00817nam a22002177a 4500003000200000005001700002008004100019020002200060050002100082245008600103250002000189260003100209300004600240500002300286504006200309650002300371650004100394942001200435999001900447952013300466020230913121015.0230913b xxu||||| |||| 00| 0 eng d a978-0-323-78961-5 aRT 41b.L49 2023 aLewis's medical-surgical nursing : assessment and management of clinical problems aTwelfth edition aMissouribElseviercc2023. axxix, 1800 pages :bcol. ill. ; c29 cm.  aSurgical nursing.  aIncludes bibliographical references, glossary and index.  aSurgical nursing.  aNursing -- handbooks, manuals, etc.  2lcccBK c365294d365294 00102lcc40aCLbCLcRESd2023-09-13eLibrary Fundl1oRT 41 .L49 2023pC22986r2023-11-30 00:00:00s2023-11-23w2023-09-13yBK